| 000 | 00896nam a22002777a 4500 | ||
|---|---|---|---|
| 001 | 9202 | ||
| 003 | FISKH | ||
| 005 | 20251201134827.0 | ||
| 008 | 251201b cb ||||| |||| 00| 0 eng d | ||
| 040 |
_aFISKH _beng _cFISKH _dFISKH |
||
| 050 | _aPZ7.M75 C | ||
| 082 | _a823.9 | ||
| 100 |
_aLauber, Patricia _eAuthor |
||
| 245 |
_aClarence and the burglar : _bAdapted from a chapter in Clarence the TV Dog / _cby Patricia Lauber ; Paul Galdone drew the pictures |
||
| 260 |
_aNew York : _bCoward, McCann & Geoghegan Inc. , _c1973 |
||
| 300 |
_a47 pages : _billustrations ; _c23 cm |
||
| 490 | _aClarence | ||
| 505 | _aG | ||
| 520 | _aA dog who never growls at strangers meets a burglar in his house. | ||
| 521 | 8 |
_a400
_bLexile estimate |
|
| 521 | 8 |
_aG
_bRaz-Plus |
|
| 650 |
_aStealing _vLiving room |
||
| 700 |
_aGaldone, Paul _eIllustrator |
||
| 942 |
_2ddc _cBK _n0 |
||
| 999 |
_c9202 _d9202 |
||